000 02273cam a2200325 i 4500
003 SA-RiAUC
005 20250105140140.0
008 250105s2011____ua g b 000 0 ara c
020 _a9789773441878
024 0 _a33000000004525
024 0 _a33000000010099
040 _aSA-DmIAFU
_bara
_cSA-RiAUC
_erda
050 4 _bA35 2011
082 0 4 _a258.2
_qSA-RiAUC
090 _a258.2
_b ت ل م
100 1 _aالتلمساني، إبراهيم بن يحيى بن مهدي،
_d600-666 هجري
_eمؤلف.
245 1 2 _aاللمع في الفقه المالكي /
_cتصنيف أبي إسحاق التلمساني المالكي ؛ تحقيق شريف المرسي.
250 _aالطبعة الأولى.
264 1 _aالقاهرة :
_bدار الآفاق العربية،
_c2011
300 _a317 صفحة ؛
_c24 سم
336 _aنص
_btxt
_2rdacontent
_3كتاب
337 _aبدون وسيط
_bn
_2rdamedia
338 _aمجلد
_bnc
_2rdacarrier
504 _aيشتمل على إرجاعات ببليوجرافية.
520 _aكتاب «اللمع في الفقه على مذهب الإمام مالك»، للشيخ العلامة الفقيه العدل «أبي إسحاق إبراهيم بن أبي زكريا يحيى بن محمد بن موسى التجيبي التلمساني (ت663هـ)»، هومن كتب المختصرات الفقهية التي جمعت أبواب الفقه على مذهب مالك بطريقة مختصرة ومركزة ؛ إذ عرض فيه مؤلفه زبدة ما في الأمهات الفقهية التي تقدمته. سار المؤلف في عرض مسائل كتابه على النهج الذي سلكه القاضي عبد الوهاب البغدادي في كتابه «التلقين»، وابن الصواف البصري في كتابه «الخصال الصغير» وغيرهما، فابتدأه بالمسائل المتعلقة بأركان الإسلام الخمسة وما يندرج تحت كل منها، ثم تناول بعد ذلك مسائل الجهاد، فالأيمان والنذور.
650 7 _aالفقه المالكي
_2aucsh
700 1 _aالمرسي، شريف
_eمحقق.
942 _2ddc
_cBOOK
_n0
949 _aSA-JeALM
_d250105
_umohamedma123
_n1
999 _c4481
_d4481